| 000 | 01812cam a2200157 4500500 | ||
|---|---|---|---|
| 005 | 20260405040708.0 | ||
| 041 | _afre | ||
| 042 | _adc | ||
| 100 | 1 | 0 |
_aDelpech, David _eauthor |
| 700 | 1 | 0 |
_aRollet, Stella _eauthor |
| 700 | 1 | 0 |
_aYon, Jean-Claude _eauthor |
| 245 | 0 | 0 | _aLa France dans l'Europe du XIXe siècle : 1802-1914 |
| 260 |
_bArmand Colin,
_c2017. |
||
| 520 | _aCette synthèse, bien que centrée sur la France du XIXe siècle, s’inscrit dans une dimension résolument européenne. Le rôle de la France, dans tous les domaines (politique, économie, société, culture) y est étudié d’un point de vue comparatif et transnational. Les auteurs, en outre, ont opté pour un long XIXe siècle : l’ouvrage, découpé en quatre grandes parties chronologiques, débute par un bilan de la Révolution française et s’achève en 1914, lorsque l’Europe bascule dans la Première Guerre mondiale.Destiné à faire le lien entre l’enseignement du Secondaire et les attentes du Supérieur, ce manuel associe une partie cours à de nombreux outils méthodologiques et s’organise autour de trois temps forts :• COURS : les notions sont exposées avec un accompagnement pédagogique pour faciliter la compréhension et la mémorisation (définitions, dates-repères, biographies, cartes, points à retenir, dates clés et bibliographies thématiques, mises au point historiographiques).• MÉTHODES : les méthodes de la dissertation et du commentaire de document (études de textes, statistiques, iconographie) sont présentées avec des exemples de sujets corrigés.• ATLAS : en fin d’ouvrage, un atlas tout en couleur propose les cartes essentielles. | ||
| 856 | 4 | 1 | _uhttps://shs.cairn.info/la-france-dans-l-europe-du-xixe-siecle--9782200616359?lang=fr&redirect-ssocas=7080 |
| 999 |
_c2164184 _d2164184 |
||